Donald Trump's Cabinet Picture Click Quiz Stats

 Plays Quiz Updated Jul 31, 2017

Support Sporcle.
Go Orange.
Score 0/24 Timer 05:00
1 Play Today
% Correct
Mike Pence
90.5%
Benjamin S. Carson, Sr.
90.2%
Elaine L. Chao
88%
Nikki R. Haley
86.8%
Betsy DeVos
86.3%
Jeff Sessions
81.3%
James Mattis
79.7%
Linda E. McMahon
79.1%
Rick Perry
76%
Rex W. Tillerson
71.9%
Reince Priebus
64%
Steven T. Mnuchin
63.3%
% Correct
John F. Kelly
60.7%
Wilbur L. Ross, Jr.
53.7%
Mike Pompeo
51.9%
Tom Price
47.9%
Scott Pruitt
45.6%
Sonny Perdue
45%
Mick Mulvaney
44.2%
Ryan Zinke
41.8%
David J. Shulkin
38.9%
Alexander Acosta
37.1%
Robert Lighthizer
36.4%
Daniel Coats
35.9%

You're not logged in!

Compare scores with friends on all Sporcle quizzes.
OR
Log In
Forgot?

From the Vault

Double Letter World Capitals on a Map

by timmylemoine1

Double the letters, double the fun.
Remove Ads.
Support Sporcle.
Get the best of Sporcle when you Go Orange. This ad-free experience offers more features, more stats, and more fun while also helping to support Sporcle. Thank you for becoming a member.

Show Comments

Extras

Top Quizzes Today


Score Distribution

Your Account Isn't Verified!

In order to create a playlist on Sporcle, you need to verify the email address you used during registration. Go to your Sporcle Settings to finish the process.

Report this User

Report this user for behavior that violates our Community Guidelines.

Details: